[Event "MR"]
[Site "Rzeszow"]
[Date "2017.11.09"]
[Round "3.1"]
[White "Pulik, Krzysztof"]
[Black "Swigon, Tomasz"]
[Result "1-0"]
[LiveChessVersion "1.4.8"]
[BlackElo "1837"]
[WhiteElo "2135"]

1. e4 {[%clk 1:30:58]} c5 {[%clk 1:30:54]} 2. c3 {[%clk 1:31:24]} g6
{[%clk 1:31:19]} 3. d4 {[%clk 1:26:25]} cxd4 {[%clk 1:31:44]} 4. cxd4
{[%clk 1:26:50]} d5 {[%clk 1:32:10]} 5. Nc3 {[%clk 1:26:31]} dxe4
{[%clk 1:32:04]} 6. Bc4 {[%clk 1:26:56]} Nf6 {[%clk 1:32:16]} 7. Qb3
{[%clk 1:23:43]} e6 {[%clk 1:32:03]} 8. d5 {[%clk 1:22:01]} exd5 {[%clk 1:30:29]}
9. Nxd5 {[%clk 1:13:20]} Nxd5 {[%clk 1:29:47]} 10. Bxd5 {[%clk 1:13:46]} Qf6
{[%clk 1:16:40]} 11. Ne2 {[%clk 0:58:20]} Bg7 {[%clk 1:10:23]} 12. O-O
{[%clk 0:48:00]} O-O {[%clk 1:10:39]} 13. Nc3 {[%clk 0:47:17]} Nc6
{[%clk 1:07:51]} 14. Nxe4 {[%clk 0:36:52]} Qe5 {[%clk 1:06:45]} 15. Ng5
{[%clk 0:35:36]} Nd4 {[%clk 0:57:20]} 16. Nxf7 {[%clk 0:32:05]} Rxf7
{[%clk 0:57:23]} 17. Bxf7+ {[%clk 0:32:29]} Kf8 {[%clk 0:57:33]} 18. Qc4
{[%clk 0:25:17]} Bg4 {[%clk 0:49:26]} 19. Bd2 {[%clk 0:23:08]} a5
{[%clk 0:49:36]} 20. Rfe1 {[%clk 0:21:52]} b5 {[%clk 0:41:26]} 21. Qd5
{[%clk 0:20:48]} Qxd5 {[%clk 0:41:46]} 22. Bxd5 {[%clk 0:21:12]} Rd8
{[%clk 0:42:08]} 23. Be4 {[%clk 0:20:50]} Ne2+ {[%clk 0:41:51]} 24. Rxe2
{[%clk 0:21:11]} Bxe2 {[%clk 0:42:15]} 25. Bxa5 {[%clk 0:21:33]} Bxb2
{[%clk 0:42:16]} 26. Re1 {[%clk 0:18:58]} Rd1 {[%clk 0:42:25]} 27. Rxd1
{[%clk 0:19:17]} Bxd1 {[%clk 0:42:47]} 28. Bd3 {[%clk 0:18:59]} Ba4
{[%clk 0:42:31]} 29. Kf1 {[%clk 0:19:11]} Ba3 {[%clk 0:42:56]} 30. Ke2
{[%clk 0:19:11]} b4 {[%clk 0:43:17]} 31. Bc4 {[%clk 0:19:28]} Bc2
{[%clk 0:43:11]} 32. Ke3 {[%clk 0:18:02]} Ke7 {[%clk 0:43:06]} 33. Bb3
{[%clk 0:14:20]} Bb1 {[%clk 0:43:05]} 34. f3 {[%clk 0:14:13]} Kd6
{[%clk 0:43:29]} 35. Kd4 {[%clk 0:13:30]} Bf5 {[%clk 0:43:09]} 36. Bg8
{[%clk 0:11:59]} h5 {[%clk 0:42:45]} 37. Kc4 {[%clk 0:10:45]} h4 {[%clk 0:40:25]}
38. h3 {[%clk 0:10:02]} Ke5 {[%clk 0:40:23]} 39. Bc7+ {[%clk 0:08:45]} Kf6
{[%clk 0:40:42]} 40. Bd8+ {[%clk 0:09:11]} Ke5 {[%clk 0:40:55]} 41. Bxh4
{[%clk 0:09:19]} Bb1 {[%clk 0:40:57]} 42. Bg3+ {[%clk 0:09:11]} Kf5
{[%clk 0:41:13]} 43. Kb3 {[%clk 0:09:30]} Bd3 {[%clk 0:41:26]} 44. Bc4
{[%clk 0:09:51]} Bb1 {[%clk 0:41:35]} 45. Bd6 {[%clk 0:09:37]} g5
{[%clk 0:41:59]} 46. g4+ {[%clk 0:06:35]} Kf6 {[%clk 0:42:11]} 47. Bd5
{[%clk 0:06:44]} Bd3 {[%clk 0:41:05]} 48. Bxb4 {[%clk 0:07:02]} Bxb4
{[%clk 0:41:27]} 49. Kxb4 {[%clk 0:07:25]} Bf1 {[%clk 0:41:51]} 50. Kc5
{[%clk 0:07:40]} Bxh3 {[%clk 0:41:48]} 51. a4 {[%clk 0:08:04]} Bf1
{[%clk 0:42:10]} 52. Kd6 {[%clk 0:07:58]} Be2 {[%clk 0:42:31]} 53. Bb7
{[%clk 0:08:11]} 1-0

[Event "MR"]
[Site "Rzeszow"]
[Date "2017.11.09"]
[Round "3.2"]
[White "Wozniak, Maciej"]
[Black "Marszalek, Maciej"]
[Result "1/2-1/2"]
[LiveChessVersion "1.4.8"]
[BlackElo "2297"]
[WhiteElo "2045"]

1. e4 {[%clk 1:30:44]} c5 {[%clk 1:30:55]} 2. Nf3 {[%clk 1:30:59]} e6
{[%clk 1:31:21]} 3. d4 {[%clk 1:31:16]} cxd4 {[%clk 1:31:46]} 4. Nxd4
{[%clk 1:31:39]} a6 {[%clk 1:31:51]} 5. Bd3 {[%clk 1:31:50]} Ne7 {[%clk 1:32:14]}
6. O-O {[%clk 1:31:50]} Nbc6 {[%clk 1:32:39]} 7. Nb3 {[%clk 1:30:29]} g6
{[%clk 1:32:38]} 8. Bd2 {[%clk 1:13:37]} Bg7 {[%clk 1:31:10]} 9. Bc3
{[%clk 1:12:55]} O-O {[%clk 1:23:21]} 10. Bxg7 {[%clk 1:10:39]} Kxg7
{[%clk 1:23:49]} 11. f4 {[%clk 1:08:38]} d5 {[%clk 1:23:32]} 12. e5
{[%clk 1:06:53]} f6 {[%clk 1:23:27]} 13. exf6+ {[%clk 1:06:20]} Rxf6
{[%clk 1:23:55]} 14. Qe1 {[%clk 0:55:01]} Qd6 {[%clk 1:20:46]} 15. Qc3
{[%clk 0:33:54]} Bd7 {[%clk 1:09:36]} 16. N1d2 {[%clk 0:30:50]} Rc8
{[%clk 0:55:14]} 17. Qc5 {[%clk 0:26:54]} Qc7 {[%clk 0:47:35]} 18. g3
{[%clk 0:22:32]} b6 {[%clk 0:44:49]} 19. Qc3 {[%clk 0:21:54]} d4 {[%clk 0:28:45]}
20. Qc4 {[%clk 0:18:35]} Nd5 {[%clk 0:28:19]} 21. Qxa6 {[%clk 0:15:12]} Ne3
{[%clk 0:26:51]} 22. Ne4 {[%clk 0:06:53]} Rf5 {[%clk 0:24:24]} 23. Rfc1
{[%clk 0:06:06]} e5 {[%clk 0:18:18]} 24. fxe5 {[%clk 0:04:32]} Rxe5
{[%clk 0:16:36]} 25. c3 {[%clk 0:04:26]} Qd8 {[%clk 0:10:31]} 26. Qa3
{[%clk 0:02:50]} Bf5 {[%clk 0:10:27]} 27. Nf2 {[%clk 0:00:44]} Bxd3
{[%clk 0:08:45]} 28. Nxd3 {[%clk 0:01:09]} Ra8 {[%clk 0:09:07]} 29. Na5
{[%clk 0:00:35]} Raxa5 {[%clk 0:08:31]} 30. Qb3 {[%clk 0:01:00]} Rab5
{[%clk 0:06:51]} 31. Qa4 {[%clk 0:01:02]} Qe8 {[%clk 0:04:12]} 32. cxd4
{[%clk 0:01:01]} Red5 {[%clk 0:04:34]} 33. Nf4 {[%clk 0:00:54]} Na5
{[%clk 0:02:36]} 34. Rc7+ {[%clk 0:01:11]} Kh6 {[%clk 0:02:41]} 35. Rac1
{[%clk 0:00:37]} Qe4 {[%clk 0:02:46]} 36. Qa3 {[%clk 0:00:45]} Rf5
{[%clk 0:02:03]} 37. Re7 {[%clk 0:00:46]} Qxd4 {[%clk 0:02:04]} 38. Qxe3
{[%clk 0:01:13]} Qxe3+ {[%clk 0:02:21]} 39. Rxe3 {[%clk 0:01:42]} Rxb2
{[%clk 0:02:44]} 40. Re2 {[%clk 0:02:03]} 1/2-1/2

[Event "MR"]
[Site "Rzeszow"]
[Date "2017.11.09"]
[Round "3.3"]
[White "Wozniak, Marcin"]
[Black "Janzer, Hubert"]
[Result "1/2-1/2"]
[LiveChessVersion "1.4.8"]
[BlackElo "1822"]
[WhiteElo "1886"]

1. e4 {[%clk 1:23:51]} c5 {[%clk 1:30:44]} 2. Nf3 {[%clk 1:23:51]} d6
{[%clk 1:31:04]} 3. Bb5+ {[%clk 1:20:48]} Bd7 {[%clk 1:30:18]} 4. Bxd7+
{[%clk 1:19:17]} Nxd7 {[%clk 1:30:15]} 5. d4 {[%clk 1:17:17]} cxd4
{[%clk 1:27:22]} 6. Qxd4 {[%clk 1:16:37]} Qc7 {[%clk 1:26:47]} 7. O-O
{[%clk 1:12:30]} Ngf6 {[%clk 1:26:12]} 8. c4 {[%clk 1:07:02]} g6 {[%clk 1:20:52]}
9. b3 {[%clk 0:51:50]} Bg7 {[%clk 1:20:00]} 10. Bb2 {[%clk 0:50:56]} O-O
{[%clk 1:19:20]} 11. Nc3 {[%clk 0:41:09]} Ng4 {[%clk 1:11:18]} 12. Qd2
{[%clk 0:40:06]} Nc5 {[%clk 0:59:22]} 13. Nd5 {[%clk 0:27:15]} Qd7
{[%clk 0:57:36]} 14. Bxg7 {[%clk 0:25:19]} Kxg7 {[%clk 0:57:48]} 15. Qc3+
{[%clk 0:21:38]} f6 {[%clk 0:56:07]} 16. Rfe1 {[%clk 0:19:01]} Ne5
{[%clk 0:51:29]} 17. Nd4 {[%clk 0:17:30]} Nc6 {[%clk 0:48:41]} 18. Nc2
{[%clk 0:12:53]} e6 {[%clk 0:43:04]} 19. Nf4 {[%clk 0:12:37]} e5 {[%clk 0:39:50]}
20. Nd5 {[%clk 0:12:24]} f5 {[%clk 0:39:30]} 21. Qh3 {[%clk 0:10:19]} Rad8
{[%clk 0:35:36]} 22. exf5 {[%clk 0:10:17]} Qxf5 {[%clk 0:35:29]} 23. Qxf5
{[%clk 0:10:41]} gxf5 {[%clk 0:35:25]} 24. Rad1 {[%clk 0:10:37]} Kf7
{[%clk 0:32:36]} 25. Nc7 {[%clk 0:08:12]} 1/2-1/2

[Event "MR"]
[Site "Rzeszow"]
[Date "2017.11.09"]
[Round "3.4"]
[White "Lesniak, Mateusz"]
[Black "Augustyn, Jan"]
[Result "0-1"]
[LiveChessVersion "1.4.8"]
[BlackElo "1787"]
[WhiteElo "1543"]

1. d4 {[%clk 1:20:24]} d5 {[%clk 1:28:52]} 2. Nf3 {[%clk 1:02:55]} Nf6
{[%clk 1:28:58]} 3. g3 {[%clk 1:03:18]} c5 {[%clk 1:24:47]} 4. c3
{[%clk 1:02:29]} Ne4 {[%clk 1:20:57]} 5. Bg2 {[%clk 1:02:26]} e6 {[%clk 1:15:06]}
6. O-O {[%clk 1:01:46]} Nc6 {[%clk 1:15:20]} 7. Bf4 {[%clk 1:00:17]} Be7
{[%clk 1:14:24]} 8. Nbd2 {[%clk 1:00:02]} O-O {[%clk 1:13:20]} 9. Qc2
{[%clk 0:49:07]} cxd4 {[%clk 1:08:30]} 10. cxd4 {[%clk 0:48:10]} g5
{[%clk 0:56:06]} 11. Be3 {[%clk 0:45:57]} f5 {[%clk 0:55:40]} 12. Nb3
{[%clk 0:36:05]} Nb4 {[%clk 0:43:04]} 13. Qb1 {[%clk 0:30:21]} b6
{[%clk 0:38:39]} 14. Ne5 {[%clk 0:25:40]} Bb7 {[%clk 0:34:43]} 15. a3
{[%clk 0:21:15]} Nc6 {[%clk 0:33:40]} 16. Nxc6 {[%clk 0:20:50]} Bxc6
{[%clk 0:34:02]} 17. f4 {[%clk 0:20:47]} g4 {[%clk 0:30:37]} 18. Nd2
{[%clk 0:17:50]} Bb5 {[%clk 0:20:08]} 19. Nxe4 {[%clk 0:17:51]} dxe4
{[%clk 0:20:25]} 20. Kf2 {[%clk 0:18:16]} h5 {[%clk 0:19:23]} 21. Qa2
{[%clk 0:18:25]} Qd7 {[%clk 0:16:41]} 22. b4 {[%clk 0:18:43]} Ba4
{[%clk 0:14:53]} 23. h3 {[%clk 0:11:10]} Rac8 {[%clk 0:12:01]} 24. Rac1
{[%clk 0:11:20]} Bf6 {[%clk 0:11:25]} 25. Qd2 {[%clk 0:09:56]} Rxc1
{[%clk 0:07:20]} 26. Rxc1 {[%clk 0:10:21]} Rd8 {[%clk 0:07:37]} 27. hxg4
{[%clk 0:10:32]} hxg4 {[%clk 0:06:40]} 28. Rc3 {[%clk 0:08:38]} Bb5
{[%clk 0:03:45]} 29. Qd1 {[%clk 0:06:18]} Kf8 {[%clk 0:01:14]} 30. Qd2
{[%clk 0:06:29]} Ke8 {[%clk 0:00:49]} 31. Qd1 {[%clk 0:06:58]} Bxd4
{[%clk 0:01:09]} 32. Qxd4 {[%clk 0:07:26]} Qxd4 {[%clk 0:01:33]} 33. Bxd4
{[%clk 0:07:48]} Rxd4 {[%clk 0:02:01]} 34. Ke3 {[%clk 0:08:11]} Rd1
{[%clk 0:02:13]} 35. Kf2 {[%clk 0:07:24]} Kd7 {[%clk 0:02:04]} 36. Re3
{[%clk 0:07:04]} Rc1 {[%clk 0:01:17]} 37. Bxe4 {[%clk 0:07:26]} fxe4
{[%clk 0:01:33]} 38. Rxe4 {[%clk 0:07:55]} Rc2 {[%clk 0:01:20]} 39. Re5
{[%clk 0:07:58]} a6 {[%clk 0:01:28]} 40. Re3 {[%clk 0:07:44]} Kd6
{[%clk 0:01:41]} 41. Re5 {[%clk 0:07:15]} Ra2 {[%clk 0:01:37]} 42. Re3
{[%clk 0:06:55]} Bc4 {[%clk 0:00:45]} 43. Ke1 {[%clk 0:07:00]} a5
{[%clk 0:00:54]} 44. bxa5 {[%clk 0:06:26]} bxa5 {[%clk 0:01:15]} 45. Re5
{[%clk 0:04:31]} a4 {[%clk 0:01:22]} 46. e4 {[%clk 0:04:52]} Rxa3
{[%clk 0:00:54]} 47. Rg5 {[%clk 0:02:01]} Rxg3 {[%clk 0:00:43]} 48. Kf2
{[%clk 0:02:30]} Rf3+ {[%clk 0:01:03]} 0-1

[Event "MR"]
[Site "Rzeszow"]
[Date "2017.11.10"]
[Round "4.1"]
[White "Marszalek, Maciej"]
[Black "Pulik, Krzysztof"]
[Result "1/2-1/2"]
[LiveChessVersion "1.4.8"]
[BlackElo "2135"]
[WhiteElo "2297"]

1. d4 {[%clk 1:30:55]} d5 {[%clk 1:30:55]} 2. Nf3 {[%clk 1:31:20]} e6
{[%clk 1:31:19]} 3. e3 {[%clk 1:31:40]} c5 {[%clk 1:31:43]} 4. c3
{[%clk 1:32:06]} Nf6 {[%clk 1:29:11]} 5. Nbd2 {[%clk 1:32:16]} Be7
{[%clk 1:27:54]} 6. Bd3 {[%clk 1:32:38]} Nbd7 {[%clk 1:26:55]} 7. O-O
{[%clk 1:32:41]} O-O {[%clk 1:23:45]} 8. Qe2 {[%clk 1:29:24]} h6 {[%clk 1:16:09]}
9. Rd1 {[%clk 1:27:59]} Qc7 {[%clk 1:01:56]} 10. e4 {[%clk 1:21:32]} dxe4
{[%clk 0:56:28]} 11. Nxe4 {[%clk 1:21:10]} b6 {[%clk 0:54:38]} 12. dxc5
{[%clk 1:05:07]} Nxc5 {[%clk 0:45:29]} 13. Nxf6+ {[%clk 1:01:42]} Bxf6
{[%clk 0:45:54]} 14. Bc2 {[%clk 0:45:02]} Ba6 {[%clk 0:44:05]} 15. Qe1
{[%clk 0:45:20]} Rfd8 {[%clk 0:43:45]} 16. Be3 {[%clk 0:45:16]} Nd3
{[%clk 0:37:03]} 17. Bxd3 {[%clk 0:45:38]} Bxd3 {[%clk 0:37:26]} 18. Bd4
{[%clk 0:45:35]} Bxd4 {[%clk 0:37:35]} 19. Nxd4 {[%clk 0:45:43]} Bg6
{[%clk 0:36:26]} 20. Nf3 {[%clk 0:40:37]} Qf4 {[%clk 0:34:27]} 21. Qe5
{[%clk 0:28:53]} Rxd1+ {[%clk 0:28:45]} 22. Rxd1 Qa4 23. Qe2 {[%clk 0:28:55]} Bh5
{[%clk 0:26:27]} 24. a3 {[%clk 0:26:57]} Qf4 {[%clk 0:24:59]} 25. Qe3
{[%clk 0:26:58]} Qxe3 {[%clk 0:24:13]} 26. fxe3 {[%clk 0:27:27]} Kf8
{[%clk 0:24:29]} 27. Rd4 {[%clk 0:26:31]} Bxf3 {[%clk 0:23:54]} 28. gxf3
{[%clk 0:26:59]} Ke7 {[%clk 0:23:57]} 29. Kf2 {[%clk 0:27:22]} Rc8
{[%clk 0:23:45]} 30. e4 {[%clk 0:26:31]} Rc5 {[%clk 0:23:33]} 31. Ke3
{[%clk 0:26:42]} Rg5 {[%clk 0:17:56]} 1/2-1/2

[Event "MR"]
[Site "Rzeszow"]
[Date "2017.11.10"]
[Round "4.2"]
[White "Swigon, Tomasz"]
[Black "Augustyn, Jan"]
[Result "0-1"]
[LiveChessVersion "1.4.8"]
[BlackElo "1787"]
[WhiteElo "1837"]

1. e4 d5 {[%clk 1:27:07]} 2. exd5 {[%clk 1:30:26]} Nf6 {[%clk 1:27:29]} 3. d4
{[%clk 1:29:20]} Nxd5 {[%clk 1:26:45]} 4. Bd3 {[%clk 1:26:42]} Nb4
{[%clk 1:24:00]} 5. a3 {[%clk 1:15:29]} Nxd3+ {[%clk 1:20:13]} 6. Qxd3
{[%clk 1:15:56]} Qd5 {[%clk 1:16:44]} 7. Nf3 {[%clk 1:06:51]} Bf5
{[%clk 1:16:14]} 8. Nc3 {[%clk 1:03:02]} Qe6+ {[%clk 1:07:01]} 9. Qe3
{[%clk 1:03:30]} Qxe3+ {[%clk 1:07:01]} 10. Bxe3 {[%clk 1:03:52]} e6
{[%clk 1:05:46]} 11. O-O-O {[%clk 1:02:27]} c6 {[%clk 1:05:36]} 12. Nh4
{[%clk 1:00:45]} Bg6 {[%clk 1:05:15]} 13. g4 {[%clk 1:00:58]} Be7
{[%clk 1:04:58]} 14. Ng2 {[%clk 1:00:51]} b5 {[%clk 1:03:21]} 15. Nf4
{[%clk 0:58:58]} a5 {[%clk 1:00:34]} 16. f3 {[%clk 0:57:39]} b4 {[%clk 1:00:03]}
17. Nb1 {[%clk 0:57:00]} Bg5 18. h4 {[%clk 0:55:51]} Bxf4 {[%clk 0:46:31]} 19.
Bxf4 {[%clk 0:56:20]} h5 {[%clk 0:46:20]} 20. g5 {[%clk 0:56:26]} Ke7
{[%clk 0:40:24]} 21. Rhe1 {[%clk 0:54:02]} Rd8 {[%clk 0:40:03]} 22. Re3
{[%clk 0:54:18]} Na6 {[%clk 0:37:33]} 23. Be5 {[%clk 0:53:40]} Kf8
{[%clk 0:37:34]} 24. Bf4 {[%clk 0:52:54]} Rd5 {[%clk 0:37:06]} 25. c4
{[%clk 0:52:25]} Rd7 {[%clk 0:35:14]} 26. Re5 {[%clk 0:52:09]} Bxb1
{[%clk 0:20:36]} 27. Kxb1 {[%clk 0:52:29]} c5 {[%clk 0:20:25]} 28. d5
{[%clk 0:49:43]} Rad8 {[%clk 0:20:30]} 29. g6 {[%clk 0:34:31]} exd5
{[%clk 0:16:33]} 30. Rxh5 {[%clk 0:34:11]} fxg6 {[%clk 0:13:06]} 31. Rh8+
{[%clk 0:29:12]} Kf7 {[%clk 0:13:03]} 32. Rxd8 {[%clk 0:29:32]} Rxd8
{[%clk 0:13:26]} 33. cxd5 {[%clk 0:29:39]} b3 {[%clk 0:07:25]} 34. Kc1
{[%clk 0:25:22]} Nb8 {[%clk 0:06:22]} 35. Bc7 {[%clk 0:25:12]} Re8
{[%clk 0:06:12]} 36. Bxa5 {[%clk 0:25:17]} Re3 {[%clk 0:05:50]} 37. Re1
{[%clk 0:19:31]} Rd3 {[%clk 0:03:02]} 38. d6 {[%clk 0:19:53]} Nc6
{[%clk 0:02:59]} 39. Bc7 {[%clk 0:19:30]} Rd4 {[%clk 0:00:45]} 40. Re3
{[%clk 0:15:25]} c4 {[%clk 0:00:59]} 41. Re4 {[%clk 0:15:40]} Rxe4
{[%clk 0:00:51]} 42. fxe4 {[%clk 0:16:09]} Ke6 {[%clk 0:00:32]} 43. Kd2
{[%clk 0:16:11]} Ne5 {[%clk 0:00:48]} 44. a4 {[%clk 0:15:58]} Kd7
{[%clk 0:00:54]} 45. Kc3 {[%clk 0:16:17]} Kc6 {[%clk 0:00:39]} 46. Kd4
{[%clk 0:15:57]} Nf3+ {[%clk 0:00:50]} 47. Kxc4 {[%clk 0:16:03]} Nxh4
{[%clk 0:01:03]} 48. Kd3 {[%clk 0:15:34]} Nf3 {[%clk 0:00:43]} 49. a5
{[%clk 0:11:15]} Kb7 {[%clk 0:00:32]} 50. a6+ {[%clk 0:11:00]} Kc6
{[%clk 0:00:33]} 51. a7 {[%clk 0:10:17]} Ne5+ {[%clk 0:00:44]} 52. Kd4
{[%clk 0:10:41]} Kb7 {[%clk 0:00:31]} 53. Kxe5 {[%clk 0:11:03]} 0-1

[Event "MR"]
[Site "Rzeszow"]
[Date "2017.11.10"]
[Round "4.3"]
[White "Wozniak, Marcin"]
[Black "Wozniak, Maciej"]
[Result "0-1"]
[LiveChessVersion "1.4.8"]
[BlackElo "2045"]
[WhiteElo "1886"]

1. e4 {[%clk 1:23:59]} c5 {[%clk 1:28:46]} 2. Na3 {[%clk 1:24:01]} Nc6
{[%clk 1:25:31]} 3. Bb5 {[%clk 1:22:57]} g6 {[%clk 1:22:09]} 4. c3
{[%clk 1:16:24]} Bg7 {[%clk 1:16:10]} 5. Nf3 {[%clk 1:11:44]} a6 {[%clk 1:09:08]}
6. Bxc6 {[%clk 1:11:53]} dxc6 {[%clk 1:09:30]} 7. d3 {[%clk 1:02:43]} Bg4
{[%clk 1:06:53]} 8. h3 {[%clk 1:02:46]} Bxf3 {[%clk 1:00:55]} 9. Qxf3
{[%clk 1:03:09]} Nf6 {[%clk 1:00:51]} 10. O-O {[%clk 0:53:33]} O-O
{[%clk 0:59:19]} 11. Qe2 {[%clk 0:48:59]} Qc7 {[%clk 0:51:16]} 12. f4
{[%clk 0:44:19]} e6 {[%clk 0:35:12]} 13. g4 {[%clk 0:36:09]} Qe7 {[%clk 0:28:44]}
14. e5 {[%clk 0:25:31]} Nd7 {[%clk 0:18:34]} 15. g5 {[%clk 0:24:47]} Nb6
{[%clk 0:18:05]} 16. Be3 {[%clk 0:12:04]} Nd5 {[%clk 0:12:05]} 17. Qf2
{[%clk 0:10:45]} b6 {[%clk 0:12:23]} 18. Nc4 {[%clk 0:10:36]} Rab8
{[%clk 0:10:14]} 19. Nd2 {[%clk 0:08:44]} Qc7 {[%clk 0:10:15]} 20. Ne4
{[%clk 0:07:41]} Ne7 {[%clk 0:10:35]} 21. h4 {[%clk 0:04:15]} Nf5
{[%clk 0:10:25]} 22. Rad1 {[%clk 0:02:49]} Rfd8 {[%clk 0:10:38]} 23. Bc1
{[%clk 0:02:24]} Rd7 {[%clk 0:10:11]} 24. Qh2 {[%clk 0:02:33]} Rbd8
{[%clk 0:09:44]} 25. Rf3 {[%clk 0:02:53]} c4 {[%clk 0:09:03]} 26. d4
{[%clk 0:03:12]} c5 {[%clk 0:09:13]} 27. Nf6+ {[%clk 0:02:47]} Bxf6
{[%clk 0:09:27]} 28. gxf6 {[%clk 0:03:13]} cxd4 {[%clk 0:09:35]} 29. Rd2
{[%clk 0:01:08]} dxc3 {[%clk 0:09:31]} 30. bxc3 {[%clk 0:01:25]} Qc5+
{[%clk 0:08:41]} 31. Kh1 {[%clk 0:01:19]} Rxd2 {[%clk 0:08:49]} 32. Bxd2 0-1

[Event "MR"]
[Site "Rzeszow"]
[Date "2017.11.10"]
[Round "4.4"]
[White "Kielb, Miroslaw"]
[Black "Janzer, Hubert"]
[Result "0-1"]
[LiveChessVersion "1.4.8"]
[BlackElo "1822"]
[WhiteElo "1378"]

1. e4 {[%clk 1:31:00]} c5 {[%clk 1:22:50]} 2. Nf3 {[%clk 1:31:19]} d6
{[%clk 1:23:17]} 3. d4 {[%clk 1:31:32]} cxd4 {[%clk 1:23:43]} 4. Nxd4
{[%clk 1:31:55]} Nf6 {[%clk 1:23:44]} 5. Nc3 {[%clk 1:32:03]} a6 {[%clk 1:23:59]}
6. g3 {[%clk 1:24:17]} g6 {[%clk 1:23:53]} 7. Bg2 {[%clk 1:23:27]} Bg7
{[%clk 1:24:16]} 8. O-O {[%clk 1:23:40]} O-O {[%clk 1:24:40]} 9. h3
{[%clk 1:21:31]} Qc7 {[%clk 1:24:21]} 10. Be3 {[%clk 1:21:16]} Nc6
{[%clk 1:22:43]} 11. Qd2 {[%clk 1:20:26]} Rd8 {[%clk 1:18:26]} 12. Nd5
{[%clk 1:16:33]} Nxd5 {[%clk 1:17:21]} 13. exd5 {[%clk 1:16:34]} Ne5
{[%clk 1:14:37]} 14. b3 {[%clk 1:13:27]} b5 {[%clk 1:13:43]} 15. f4
{[%clk 1:13:05]} Nd7 {[%clk 1:13:59]} 16. Rac1 {[%clk 1:12:15]} Nc5
{[%clk 1:00:09]} 17. c4 {[%clk 1:08:35]} bxc4 {[%clk 0:53:29]} 18. Rxc4
{[%clk 1:06:45]} a5 {[%clk 0:49:45]} 19. Nc6 {[%clk 1:03:10]} Ba6
{[%clk 0:47:17]} 20. Nxd8 {[%clk 1:00:52]} Bxc4 {[%clk 0:45:47]} 21. bxc4
{[%clk 1:00:34]} Rxd8 {[%clk 0:45:48]} 22. Rb1 {[%clk 0:56:27]} Rc8
{[%clk 0:34:01]} 23. Rb5 {[%clk 0:54:02]} a4 {[%clk 0:27:55]} 24. Bxc5
{[%clk 0:52:15]} dxc5 {[%clk 0:28:16]} 25. Qa5 {[%clk 0:51:41]} Qxa5
{[%clk 0:27:12]} 26. Rxa5 {[%clk 0:52:08]} Bd4+ {[%clk 0:27:03]} 27. Kh2
{[%clk 0:51:01]} Rb8 {[%clk 0:27:01]} 28. Rxa4 {[%clk 0:51:07]} Rb1
{[%clk 0:25:34]} 29. g4 {[%clk 0:46:46]} Rc1 {[%clk 0:17:21]} 30. Kg3
{[%clk 0:40:17]} Rc3+ {[%clk 0:17:12]} 31. Bf3 {[%clk 0:39:43]} Kg7
{[%clk 0:15:33]} 32. f5 {[%clk 0:37:54]} g5 {[%clk 0:15:29]} 33. Kg2
{[%clk 0:36:35]} Rc2+ {[%clk 0:14:56]} 34. Kg3 {[%clk 0:33:16]} Be5# 0-1

[Event "MR"]
[Site "Rzeszow"]
[Date "2017.11.10"]
[Round "5.1"]
[White "Janzer, Hubert"]
[Black "Pulik, Krzysztof"]
[Result "0-1"]
[LiveChessVersion "1.4.8"]
[BlackElo "2135"]
[WhiteElo "1822"]

1. c4 {[%clk 1:30:53]} e6 {[%clk 1:30:56]} 2. Nc3 {[%clk 1:31:16]} d5
{[%clk 1:31:20]} 3. d4 {[%clk 1:30:33]} c5 {[%clk 1:31:45]} 4. cxd5
{[%clk 1:30:23]} exd5 {[%clk 1:32:08]} 5. e4 {[%clk 1:28:27]} dxe4
{[%clk 1:23:25]} 6. d5 {[%clk 1:28:41]} Nf6 {[%clk 1:20:51]} 7. Bg5
{[%clk 1:27:33]} Be7 {[%clk 1:13:54]} 8. Bb5+ {[%clk 1:24:07]} Nfd7
{[%clk 1:03:07]} 9. Bf4 {[%clk 1:18:34]} O-O {[%clk 0:58:43]} 10. Nge2
{[%clk 1:12:56]} Bf6 {[%clk 0:51:39]} 11. O-O {[%clk 1:09:28]} Ne5
{[%clk 0:43:49]} 12. Nxe4 {[%clk 1:07:10]} a6 {[%clk 0:44:11]} 13. Ba4
{[%clk 1:07:04]} b5 {[%clk 0:40:38]} 14. Bc2 {[%clk 1:05:41]} Nbd7
{[%clk 0:41:04]} 15. Re1 {[%clk 0:53:14]} Bb7 {[%clk 0:29:33]} 16. N2g3
{[%clk 0:52:14]} Ng6 {[%clk 0:26:57]} 17. Nxf6+ {[%clk 0:34:30]} Nxf6
{[%clk 0:20:42]} 18. Bxg6 {[%clk 0:34:14]} hxg6 {[%clk 0:20:57]} 19. d6
{[%clk 0:34:07]} Qb6 {[%clk 0:20:06]} 20. Qd2 {[%clk 0:32:33]} Rfd8
{[%clk 0:19:44]} 21. Rad1 {[%clk 0:32:23]} Rd7 {[%clk 0:16:37]} 22. Re7
{[%clk 0:30:22]} Rad8 {[%clk 0:15:44]} 23. Qe3 {[%clk 0:26:44]} Qc6
{[%clk 0:06:18]} 24. f3 {[%clk 0:22:11]} Rxe7 {[%clk 0:06:44]} 25. Qxe7
{[%clk 0:21:17]} Re8 {[%clk 0:07:11]} 26. Qxe8+ {[%clk 0:20:56]} Qxe8
{[%clk 0:07:08]} 27. Bg5 {[%clk 0:20:21]} Bc6 {[%clk 0:05:54]} 28. Kf2
{[%clk 0:18:36]} Qe5 {[%clk 0:05:57]} 29. Bxf6 {[%clk 0:18:13]} Qxf6
{[%clk 0:06:06]} 30. Ne4 {[%clk 0:17:51]} Bxe4 {[%clk 0:05:27]} 31. d7
{[%clk 0:18:15]} Qd8 {[%clk 0:05:48]} 32. fxe4 {[%clk 0:18:40]} Kf8
{[%clk 0:06:15]} 33. Ke2 {[%clk 0:17:17]} Ke7 {[%clk 0:06:40]} 34. Rd5
{[%clk 0:16:14]} Qxd7 {[%clk 0:06:13]} 35. Rxd7+ {[%clk 0:16:06]} Kxd7
{[%clk 0:06:39]} 36. Kd3 {[%clk 0:14:39]} Kd6 {[%clk 0:07:02]} 37. a4
{[%clk 0:14:40]} Ke5 {[%clk 0:07:28]} 38. axb5 {[%clk 0:14:23]} axb5
{[%clk 0:07:53]} 39. b3 {[%clk 0:14:09]} Kf4 {[%clk 0:07:56]} 40. g3+
{[%clk 0:14:34]} Kf3 {[%clk 0:07:41]} 41. e5 {[%clk 0:14:46]} g5 {[%clk 0:08:06]}
42. h4 {[%clk 0:13:57]} g4 {[%clk 0:08:02]} 0-1

[Event "MR"]
[Site "Rzeszow"]
[Date "2017.11.10"]
[Round "5.2"]
[White "Swigon, Tomasz"]
[Black "Marszalek, Maciej"]
[Result "0-1"]
[LiveChessVersion "1.4.8"]
[BlackElo "2297"]
[WhiteElo "1837"]

1. e4 {[%clk 1:30:58]} c5 {[%clk 1:30:53]} 2. Nc3 {[%clk 1:31:23]} a6
{[%clk 1:31:18]} 3. g3 {[%clk 1:31:47]} b5 {[%clk 1:31:34]} 4. Bg2
{[%clk 1:32:10]} Bb7 {[%clk 1:32:03]} 5. d3 {[%clk 1:32:29]} e6 {[%clk 1:32:26]}
6. f4 {[%clk 1:32:45]} d5 {[%clk 1:30:41]} 7. exd5 {[%clk 1:28:22]} Nf6
{[%clk 1:30:04]} 8. Nh3 {[%clk 1:22:40]} Nxd5 {[%clk 1:30:10]} 9. Qe2
{[%clk 1:17:43]} Be7 {[%clk 1:29:00]} 10. O-O {[%clk 1:15:45]} Nc6
{[%clk 1:21:49]} 11. Nxd5 {[%clk 1:07:15]} Nd4 {[%clk 1:15:25]} 12. Qf2
{[%clk 0:58:06]} Bxd5 {[%clk 1:15:27]} 13. c3 {[%clk 0:58:25]} Nf5
{[%clk 1:14:16]} 14. Be4 {[%clk 0:57:19]} O-O {[%clk 1:12:58]} 15. Bd2
{[%clk 0:57:32]} Qd7 {[%clk 1:10:12]} 16. Rad1 {[%clk 0:53:07]} Rad8
{[%clk 1:10:22]} 17. Rfe1 {[%clk 0:50:14]} Bxa2 {[%clk 1:08:07]} 18. Ra1
{[%clk 0:49:31]} Bd5 {[%clk 1:07:40]} 19. Rxa6 {[%clk 0:48:21]} Bxe4
{[%clk 1:06:20]} 20. dxe4 {[%clk 0:48:38]} Nd6 {[%clk 1:05:30]} 21. e5
{[%clk 0:46:30]} Ne4 {[%clk 1:02:55]} 22. Rxe4 {[%clk 0:46:53]} Qb7
{[%clk 1:03:12]} 23. Rxe6 {[%clk 0:44:34]} fxe6 {[%clk 1:03:32]} 24. Re1
{[%clk 0:44:58]} Rd5 {[%clk 1:02:18]} 25. Be3 {[%clk 0:45:12]} Rxe5
{[%clk 1:02:24]} 26. Qc2 {[%clk 0:44:16]} Ref5 {[%clk 1:02:28]} 27. Nf2
{[%clk 0:44:21]} Rd8 {[%clk 1:01:57]} 28. Qe4 {[%clk 0:43:04]} Qxe4
{[%clk 1:02:09]} 29. Nxe4 {[%clk 0:43:29]} Rfd5 {[%clk 1:02:29]} 30. Kf2
{[%clk 0:43:49]} Ra8 {[%clk 1:02:18]} 31. c4 {[%clk 0:43:20]} bxc4
{[%clk 1:02:14]} 32. Bd2 {[%clk 0:43:43]} Bf6 {[%clk 1:02:13]} 33. Nxf6+
{[%clk 0:43:55]} gxf6 {[%clk 1:02:41]} 34. Bc3 {[%clk 0:44:17]} Kf7
{[%clk 1:02:48]} 0-1